Income Tax Provisions For Individual Assessees With Respect To Salaried Person In India (Record no. 80016)

MARC details
000 -LEADER
fixed length control field 00519nam a2200157Ia 4500
008 - FIXED-LENGTH DATA ELEMENTS--GENERAL INFORMATION
fixed length control field 221007s9999 xx 000 0 und d
041 ## - LANGUAGE CODE
Language code of text/sound track or separate title eng
082 ## - DEWEY DECIMAL CLASSIFICATION NUMBER
Item number SUR
100 ## - MAIN ENTRY--PERSONAL NAME
Personal name Surbhi Chandak - 2k151006; Prof. Ranjana Gogate - Guide & Levare Consultants Pvt. Ltd.
9 (RLIN) 105116
245 ## - TITLE STATEMENT
Title Income Tax Provisions For Individual Assessees With Respect To Salaried Person In India
250 ## - EDITION STATEMENT
Edition statement 2k151006
260 ## - PUBLICATION, DISTRIBUTION, ETC. (IMPRINT)
Date of publication, distribution, etc. 2015
Name of publisher, distributor, etc. Savitribai Phule Pune University
Place of publication, distribution, etc. Pune
300 ## - PHYSICAL DESCRIPTION
Extent 54p
440 ## - SERIES STATEMENT/ADDED ENTRY--TITLE
Volume/sequential designation 1
906 ## - LOCAL DATA ELEMENT F, LDF (RLIN)
b Reference Books
Holdings
Withdrawn status Lost status Source of classification or shelving scheme Damaged status Not for loan Home library Current library Date acquired Vendor Full call number Barcode Date last seen Bill Date Koha item type Original Barcode
    Dewey Decimal Classification     Smt. Hiraben Nanavati Institute of Management & Research for Women Smt. Hiraben Nanavati Institute of Management & Research for Women 10/07/2018 HNIMR SUR HIMR-PR-640 07/10/2022 18/01/2018 Project Reports PR0640